Normal view
MARC view
- García Laguardia, Jorge Mario,
Entry Nombre Personal
001 - NUMERO DE CONTROL
- campo de control: 30761
003 - IDENTIFICADOR DE NUMERO DE CONTROL
- campo de control: UPN
005 - FECHA Y HORA DE LA ÜLTIMA TRANSACCIÓN
- campo de control: 20210219194416.0
008 - DATOS DE LONGITUD FIJA
- campo de control de longitud fija: nabaccnnaabn|||||||||| b |nc|||||d
035 ## - NUMERO DE CONTROL
- Número de control: UPN11000002867
040 ## - FUENTE DE CATALOGACIÓN
- Lenguaje de catalogación: SPA
- Agencia de transcripción: UPN
100 1# - ENCABEZAMIENTO - NOMBRE PERSONAL
- Nombre personal: García Laguardia, Jorge Mario,
- Fechas asociadas con el nombre: 1934-
670 ## - FUENTE EN LA QUE SE LOCALIZARON DATOS
- Cita de la fuente: T
- Uniform Resource Identifier: http://www.elpais.com/articulo/ultima/LATINOAMERICA/Jorge/Mario/Garcia/Laguardia/elpepiult/19870121elpepiult_4/Tes
902 ## - CATALOGADOR
- Catalogador: CAA/040211
